000 00336nam a2200133Ia 4500
008 191201s2019 xx 000 0 und d
082 _a368.7 RAE
100 _aRASTOGI, Sameer
245 0 _aEnvironmental education & disaster management
260 _bRamnarain Pub
_aAgra
_c2019
300 _a136
650 _aBiology
942 _2ddc
_cBK
999 _c8320
_d8320